Months of the year- fast typing - Statistics

General Stats
  • This quiz has been taken 47 times
  • The average score is 11 of 12
Answer Stats
Answer % Correct
February
100%
January
96%
July
96%
March
96%
April
92%
June
92%
May
92%
September
92%
August
88%
November
84%
December
80%
October
80%
No matching quizzes found
Score Distribution
Percent of People with Each Score
Percentile by Number Answered
Your Score History
You have not taken this quiz